[Event "RF-2015-0-00256"]
[Site "LSS email"]
[Date "2015.08.24"]
[Round "?"]
[White "Courteille, Thierry"]
[Black "Serkov, Evgenij"]
[Result "1-0"]
[WhiteElo "1036"]
[BlackElo "892"]
[PlyCount "25"]
[EventDate "2015.08.09"]
[EventType "tourn (corr)"]
[EventRounds "6"]
[EventCountry "GER"]
[SourceTitle "Corr 2022"]
[Source "ChessBase"]
[SourceDate "2021.10.24"]
[SourceVersion "1"]
[SourceVersionDate "2021.10.24"]
[SourceQuality "1"]

1. d4 e5 2. dxe5 Nc6 3. Nf3 d6 4. Bf4 d5 5. e3 Bb4+ 6. c3 Ba5 7. Qa4 Bd7 8. Bb5 Nge7 9. 0-0 0-0 10. Nbd2 Bb6 11. c4 dxc4 12. Nxc4 a6 13. Nxb6 1-0

[Event "RF-2015-0-00256"]
[Site "LSS email"]
[Date "2015.08.23"]
[Round "?"]
[White "Lenz, Juergen"]
[Black "Serkov, Evgenij"]
[Result "1-0"]
[WhiteElo "1163"]
[BlackElo "892"]
[PlyCount "23"]
[EventDate "2015.08.09"]
[EventType "tourn (corr)"]
[EventRounds "6"]
[EventCountry "GER"]
[SourceTitle "Corr 2022"]
[Source "ChessBase"]
[SourceDate "2021.10.24"]
[SourceVersion "1"]
[SourceVersionDate "2021.10.24"]
[SourceQuality "1"]

1. d4 d5 2. Bf4 Nc6 3. e3 Bf5 4. c4 e6 5. Nc3 Nf6 6. Nf3 Bb4 7. Bd3 Be4 8. 0-0 0-0 9. Ne5 Bd6 10. Bg3 Nb4 11. Bxe4 dxe4 12. Bh4 1-0

[Event "LSS No Engine Cup 126 Preliminary 0"]
[Site "LSS email"]
[Date "2015.02.28"]
[Round "?"]
[White "Serkov, Evgenij"]
[Black "Pech, Matej"]
[Result "0-1"]
[WhiteElo "1600"]
[BlackElo "1749"]
[PlyCount "36"]
[EventDate "2015.03.01"]
[EventType "tourn (corr)"]
[EventRounds "6"]
[EventCountry "GER"]
[SourceTitle "Corr 2022"]
[Source "ChessBase"]
[SourceDate "2021.10.24"]
[SourceVersion "1"]
[SourceVersionDate "2021.10.24"]
[SourceQuality "1"]

1. e4 e5 2. f4 Bc5 3. Qg4 Nf6 4. Qf3 Nc6 5. Bc4 Nd4 6. Qd3 d5 7. Bxd5 Nxd5 8. exd5 Bf5 9. Qc4 Qh4+ 10. g3 Qe7 11. d3 exf4+ 12. Kd1 Bg4+ 13. Kd2 b5 14. d6 Qe3+ 15. Kc3 b4+ 16. Qxb4 Bxb4+ 17. Kxb4 Rb8+ 18. Kc3 Nb5+ 0-1

[Event "LSS No Engine Cup 126 Preliminary 0"]
[Site "LSS email"]
[Date "2015.02.28"]
[Round "?"]
[White "Serkov, Evgenij"]
[Black "Trebichalsky, Rastislav"]
[Result "1-0"]
[WhiteElo "1600"]
[BlackElo "1101"]
[PlyCount "69"]
[EventDate "2015.03.01"]
[EventType "tourn (corr)"]
[EventRounds "6"]
[EventCountry "GER"]
[SourceTitle "Corr 2022"]
[Source "ChessBase"]
[SourceDate "2021.10.24"]
[SourceVersion "1"]
[SourceVersionDate "2021.10.24"]
[SourceQuality "1"]

1. e4 e5 2. d4 exd4 3. c3 dxc3 4. Nxc3 Bb4 5. Qd4 Bxc3+ 6. bxc3 Qf6 7. e5 Qc6 8. Nf3 f6 9. exf6 Nxf6 10. Qe5+ Qe6 11. Be2 Qxe5 12. Nxe5 d6 13. Nc4 Be6 14. 0-0 Nbd7 15. Re1 0-0-0 16. Ne3 Ne4 17. Bb2 Rhf8 18. f3 Nd2 19. c4 g6 20. Rad1 Nxc4 21. Nxc4 b6 22. Ne3 Bxa2 23. Ra1 Be6 24. Rxa7 Kb8 25. Rea1 g5 26. Bb5 Kc8 27. Bc6 Nb8 28. Ra8 Bd7 29. Bd5 c6 30. Be4 Rf7 31. Nc4 Rff8 32. Nxd6+ Kc7 33. Be5 b5 34. Nc4+ Kc8 35. Rxb8# 1-0

[Event "RN-2015-0-00930"]
[Site "LSS email"]
[Date "2015.02.22"]
[Round "?"]
[White "Serkov, Evgenij"]
[Black "Bieszk, Stanislaw"]
[Result "0-1"]
[WhiteElo "932"]
[BlackElo "856"]
[PlyCount "66"]
[EventDate "2015.02.09"]
[EventType "tourn (corr)"]
[EventRounds "6"]
[EventCountry "GER"]
[SourceTitle "Corr 2022"]
[Source "ChessBase"]
[SourceDate "2021.10.24"]
[SourceVersion "1"]
[SourceVersionDate "2021.10.24"]
[SourceQuality "1"]

1. e4 c5 2. d4 cxd4 3. c3 d3 4. Nf3 Nc6 5. Qb3 e6 6. Nd4 Bc5 7. Nxc6 dxc6 8. Bxd3 Qxd3 9. Nd2 Ne7 10. Qd1 Bd7 11. Qf3 Qxf3 12. Nxf3 f6 13. 0-0 e5 14. b4 Bb6 15. c4 c5 16. b5 a6 17. bxa6 Rxa6 18. Nd2 Kf7 19. Bb2 Rha8 20. a3 Nc6 21. f4 exf4 22. Rxf4 Nd4 23. Kf1 Nc2 24. Rb1 Bc7 25. Rf3 Nd4 26. Rd3 Be5 27. Bxd4 Bxd4 28. Rxb7 Ke6 29. Rbb3 Ba4 30. Rb7 Bc2 31. Rf3 Rxa3 32. Rxg7 Rxf3+ 33. gxf3 Bd3+ 0-1

[Event "LSS No Engine Cup 124 Preliminary 0"]
[Site "LSS email"]
[Date "2015.01.12"]
[Round "?"]
[White "Novikov, Konstantin Ivan"]
[Black "Serkov, Evgenij"]
[Result "1-0"]
[WhiteElo "1809"]
[BlackElo "1600"]
[PlyCount "37"]
[EventDate "2015.01.13"]
[EventType "tourn (corr)"]
[EventRounds "6"]
[EventCountry "GER"]
[SourceTitle "Corr 2022"]
[Source "ChessBase"]
[SourceDate "2021.10.24"]
[SourceVersion "1"]
[SourceVersionDate "2021.10.24"]
[SourceQuality "1"]

1. e4 e5 2. Nf3 Nc6 3. Bb5 Nf6 4. 0-0 Nd4 5. Nxd4 exd4 6. e5 c6 7. exf6 gxf6 8. Re1+ Be7 9. Bd3 d5 10. Qh5 f5 11. Bxf5 Bxf5 12. Qxf5 0-0 13. d3 Qd6 14. Bf4 Qb4 15. Qg4+ Kh8 16. c3 Rg8 17. Qxg8+ Rxg8 18. cxb4 Bf6 19. Be5 1-0

[Event "LSS No Engine Cup 124 Preliminary 0"]
[Site "LSS email"]
[Date "2015.01.12"]
[Round "?"]
[White "Serkov, Evgenij"]
[Black "Kudela, Pavel"]
[Result "0-1"]
[WhiteElo "1600"]
[BlackElo "1600"]
[PlyCount "46"]
[EventDate "2015.01.13"]
[EventType "tourn (corr)"]
[EventRounds "6"]
[EventCountry "GER"]
[SourceTitle "Corr 2022"]
[Source "ChessBase"]
[SourceDate "2021.10.24"]
[SourceVersion "1"]
[SourceVersionDate "2021.10.24"]
[SourceQuality "1"]

1. e4 c6 2. Nc3 d5 3. Nf3 Bg4 4. e5 e6 5. d4 Nd7 6. h3 Bh5 7. g4 Bg6 8. h4 h5 9. gxh5 Bxh5 10. Be2 c5 11. dxc5 Bxc5 12. Be3 Bxe3 13. fxe3 Bxf3 14. Bxf3 Rxh4 15. Kd2 Nxe5 16. Be2 d4 17. Rxh4 dxc3+ 18. Ke1 Qxh4+ 19. Kf1 Rd8 20. Qe1 Qh3+ 21. Kg1 Ng4 22. Bxg4 Qxg4+ 23. Kf1 Rd2 0-1

[Event "LSS No Engine Cup 124 Preliminary 0"]
[Site "LSS email"]
[Date "2015.01.12"]
[Round "?"]
[White "Zmolil, Karel"]
[Black "Serkov, Evgenij"]
[Result "1-0"]
[WhiteElo "1589"]
[BlackElo "1600"]
[PlyCount "33"]
[EventDate "2015.01.13"]
[EventType "tourn (corr)"]
[EventRounds "6"]
[EventCountry "GER"]
[SourceTitle "Corr 2022"]
[Source "ChessBase"]
[SourceDate "2021.10.24"]
[SourceVersion "1"]
[SourceVersionDate "2021.10.24"]
[SourceQuality "1"]

1. e4 e5 2. Nf3 Nc6 3. d4 exd4 4. Nxd4 d6 5. Bc4 Nf6 6. Nxc6 bxc6 7. Nc3 Be6 8. Bxe6 fxe6 9. 0-0 Be7 10. f4 0-0 11. Be3 d5 12. e5 Nd7 13. Qg4 Bc5 14. Qxe6+ Kh8 15. Bxc5 Nxc5 16. Qxc6 Qe7 17. Nxd5 1-0

[Event "RN-2014-0-00899"]
[Site "LSS email"]
[Date "2014.12.28"]
[Round "?"]
[White "Bester, Kazimierz"]
[Black "Serkov, Evgenij"]
[Result "0-1"]
[WhiteElo "665"]
[BlackElo "824"]
[PlyCount "60"]
[EventDate "2014.12.22"]
[EventType "tourn (corr)"]
[EventRounds "6"]
[EventCountry "GER"]
[SourceTitle "Corr 2015"]
[Source "ChessBase"]
[SourceDate "2015.07.17"]
[SourceVersion "1"]
[SourceVersionDate "2015.07.17"]
[SourceQuality "1"]

1. d4 d5 2. Nf3 Nc6 3. e3 Nf6 4. Bb5 a6 5. Be2 Bf5 6. 0-0 e6 7. c3 Bd6 8. Nbd2 0-0 9. Nh4 Bg6 10. f4 h6 11. Ndf3 Bh7 12. Bd2 Ne7 13. Ne5 Bxe5 14. dxe5 Ne4 15. Be1 Nf5 16. Nxf5 Bxf5 17. Qb3 f6 18. exf6 Qxf6 19. Bf3 Qg6 20. Qd1 Nf6 21. Bh4 Ng4 22. Bxg4 Bxg4 23. Qb3 Qe4 24. Rae1 e5 25. Qxb7 Rab8 26. Qxa6 Rxb2 27. Bf2 Rb6 28. Qa7 Rg6 29. Qxc7 Bh3 30. g3 Qg2# 0-1

[Event "RN-2014-0-00899"]
[Site "LSS email"]
[Date "2014.12.28"]
[Round "?"]
[White "Serkov, Evgenij"]
[Black "Lenz, Juergen"]
[Result "0-1"]
[WhiteElo "824"]
[BlackElo "905"]
[PlyCount "38"]
[EventDate "2014.12.22"]
[EventType "tourn (corr)"]
[EventRounds "6"]
[EventCountry "GER"]
[SourceTitle "Corr 2015"]
[Source "ChessBase"]
[SourceDate "2015.07.17"]
[SourceVersion "1"]
[SourceVersionDate "2015.07.17"]
[SourceQuality "1"]

1. e4 Nf6 2. Nc3 d5 3. f3 e5 4. exd5 Nxd5 5. Nxd5 Qxd5 6. b3 Bf5 7. Bb2 Nc6 8. Bc4 Qd7 9. g4 Bg6 10. h4 h6 11. h5 Bh7 12. f4 0-0-0 13. f5 Bc5 14. Nf3 Rhe8 15. d4 Nxd4 16. Rh2 b5 17. Rd2 bxc4 18. Bc3 Qc6 19. Rf2 Nxb3 0-1

[Event "ZN-2014-0-02933"]
[Site "LSS email"]
[Date "2014.12.28"]
[Round "?"]
[White "Serkov, Evgenij"]
[Black "Rada, Karel"]
[Result "1-0"]
[WhiteElo "824"]
[BlackElo "940"]
[PlyCount "21"]
[EventDate "2014.12.26"]
[EventType "match (corr)"]
[EventRounds "2"]
[EventCountry "GER"]
[SourceTitle "Corr 2015"]
[Source "ChessBase"]
[SourceDate "2015.07.17"]
[SourceVersion "1"]
[SourceVersionDate "2015.07.17"]
[SourceQuality "1"]

1. e4 e6 2. d4 d5 3. e5 b6 4. Nc3 Ba6 5. Bxa6 Nxa6 6. Nf3 c5 7. 0-0 Ne7 8. Bg5 Qc7 9. Nb5 Qd7 10. Nd6+ Kd8 11. Nxf7+ 1-0

[Event "RN-2014-0-00899"]
[Site "LSS email"]
[Date "2014.12.28"]
[Round "?"]
[White "Venturas, Bob"]
[Black "Serkov, Evgenij"]
[Result "0-1"]
[WhiteElo "745"]
[BlackElo "824"]
[PlyCount "66"]
[EventDate "2014.12.22"]
[EventType "tourn (corr)"]
[EventRounds "6"]
[EventCountry "GER"]
[SourceTitle "Corr 2015"]
[Source "ChessBase"]
[SourceDate "2015.07.17"]
[SourceVersion "1"]
[SourceVersionDate "2015.07.17"]
[SourceQuality "1"]

1. e4 e5 2. Nf3 Nc6 3. Bc4 Nf6 4. Nc3 Bc5 5. h3 0-0 6. a3 a6 7. d3 Bd4 8. Bd2 d6 9. Nxd4 Nxd4 10. 0-0 Be6 11. Ba2 c6 12. Ne2 d5 13. c3 Nxe2+ 14. Qxe2 c5 15. c4 dxc4 16. dxc4 Nxe4 17. Rfd1 f5 18. f3 Qd4+ 19. Kh2 Nxd2 20. Rxd2 Qf4+ 21. g3 Qg5 22. Rad1 f4 23. g4 Rae8 24. Bb1 Qh4 25. Qxe5 Qg3+ 26. Kh1 Qxf3+ 27. Kg1 Qg3+ 28. Kh1 Qxh3+ 29. Rh2 Qf3+ 30. Rg2 Qxd1+ 31. Rg1 Bxg4 32. Qd5+ Qxd5+ 33. Kh2 Re2+ 0-1

[Event "RN-2014-0-00886"]
[Site "LSS email"]
[Date "2014.12.04"]
[Round "?"]
[White "Serkov, Evgenij"]
[Black "Linart, Ludvik"]
[Result "1-0"]
[WhiteElo "824"]
[BlackElo "1229"]
[PlyCount "94"]
[EventDate "2014.11.27"]
[EventType "tourn (corr)"]
[EventRounds "6"]
[EventCountry "GER"]
[SourceTitle "Corr 2015"]
[Source "ChessBase"]
[SourceDate "2015.07.17"]
[SourceVersion "1"]
[SourceVersionDate "2015.07.17"]
[SourceQuality "1"]

1. e4 e5 2. d4 exd4 3. c3 dxc3 4. Nxc3 Bb4 5. Bc4 Bxc3+ 6. bxc3 Qf6 7. Bb2 Ne7 8. Nf3 Nbc6 9. 0-0 0-0 10. Re1 d6 11. Bd5 Bg4 12. h3 Bxf3 13. Qxf3 Qxf3 14. gxf3 Nxd5 15. exd5 Ne5 16. Kg2 Nd3 17. Reb1 Nf4+ 18. Kg3 Nxd5 19. c4 Nb4 20. a3 Nd3 21. Bc3 Nc5 22. Re1 Rfe8 23. Re3 Na4 24. Rae1 Rxe3 25. Rxe3 Kf8 26. Ba5 b6 27. Bd2 Nc5 28. f4 f5 29. f3 Re8 30. Rxe8+ Kxe8 31. Kh4 h6 32. Bc3 Kf7 33. Kg3 g5 34. fxg5 hxg5 35. Kf2 Nd3+ 36. Ke3 Ne5 37. f4 gxf4+ 38. Kxf4 Nxc4 39. Kxf5 c5 40. h4 Kg8 41. Kg6 Ne5+ 42. Kh6 Nf3 43. h5 Nd4 44. Kg6 d5 45. h6 b5 46. h7+ Kh8 47. Bb2 a6 1-0

[Event "ZN-2014-0-02881"]
[Site "LSS email"]
[Date "2014.11.24"]
[Round "?"]
[White "Serkov, Evgenij"]
[Black "Hendershot, Paul"]
[Result "1-0"]
[WhiteElo "831"]
[BlackElo "575"]
[PlyCount "117"]
[EventDate "2014.11.21"]
[EventType "match (corr)"]
[EventRounds "2"]
[EventCountry "GER"]
[SourceTitle "Corr 2015"]
[Source "ChessBase"]
[SourceDate "2015.07.17"]
[SourceVersion "1"]
[SourceVersionDate "2015.07.17"]
[SourceQuality "1"]

1. e4 e5 2. d4 exd4 3. c3 dxc3 4. Nxc3 Nf6 5. e5 Ng8 6. Bc4 Ne7 7. Qf3 f5 8. Nd5 Nbc6 9. Qh5+ Ng6 10. Bg5 Be7 11. Bf4 Nd4 12. e6 dxe6 13. Nxc7+ Kd7 14. Bb5+ Nxb5 15. Rd1+ Bd6 16. Qe2 Qxc7 17. Qxb5+ Kd8 18. Bxd6 Qd7 19. Bc7+ Ke7 20. Rxd7+ Bxd7 21. Nf3 Bxb5 22. Nd4 Bc6 23. 0-0 Nh4 24. f3 Kd7 25. Bg3 Ng6 26. Rd1 f4 27. Bf2 Ke7 28. Ne2 e5 29. Bc5+ Kf7 30. b4 Bb5 31. Nc3 a6 32. Ne4 Ba4 33. Rd2 Ke6 34. g3 fxg3 35. hxg3 Rab8 36. g4 Nh4 37. Rd6+ Ke7 38. Rh6+ Kf7 39. Rxh4 Bc6 40. Nd6+ Kg6 41. Kg2 Rhf8 42. Nf5 Rf7 43. Kg3 Rd8 44. Ne7+ Kf6 45. Nxc6 bxc6 46. Rxh7 Kg6 47. Rh5 Re8 48. Be3 Rd7 49. Rg5+ Kh7 50. Rf5 Rd3 51. Kf2 e4 52. f4 Ra3 53. Rh5+ Kg8 54. g5 Rxa2+ 55. Kg3 Ra3 56. Kf2 Rb3 57. f5 Rxb4 58. g6 Kf8 59. Bc5+ 1-0

[Event "RN-2014-0-00866"]
[Site "LSS email"]
[Date "2014.11.08"]
[Round "?"]
[White "Bieszk, Stanislaw"]
[Black "Serkov, Evgenij"]
[Result "0-1"]
[WhiteElo "867"]
[BlackElo "824"]
[PlyCount "42"]
[EventDate "2014.10.29"]
[EventType "tourn (corr)"]
[EventRounds "6"]
[EventCountry "GER"]
[SourceTitle "Corr 2015"]
[Source "ChessBase"]
[SourceDate "2015.07.17"]
[SourceVersion "1"]
[SourceVersionDate "2015.07.17"]
[SourceQuality "1"]

1. c4 e6 2. Nc3 Bc5 3. e3 Nc6 4. d4 Bb6 5. a3 a6 6. b4 d6 7. Bb2 Nf6 8. Bd3 d5 9. cxd5 Nxd5 10. Nge2 Nxc3 11. Nxc3 0-0 12. Qc2 h6 13. 0-0-0 Qg5 14. f4 Qe7 15. h4 Bd7 16. g4 f5 17. g5 h5 18. d5 Bxe3+ 19. Kb1 Nd4 20. dxe6 Nxc2 21. Kxc2 Bc6 0-1

[Event "RN-2014-0-00866"]
[Site "LSS email"]
[Date "2014.11.08"]
[Round "?"]
[White "Serkov, Evgenij"]
[Black "Hinestroza, Douglas"]
[Result "0-1"]
[WhiteElo "824"]
[BlackElo "807"]
[PlyCount "102"]
[EventDate "2014.10.29"]
[EventType "tourn (corr)"]
[EventRounds "6"]
[EventCountry "GER"]
[SourceTitle "Corr 2015"]
[Source "ChessBase"]
[SourceDate "2015.07.17"]
[SourceVersion "1"]
[SourceVersionDate "2015.07.17"]
[SourceQuality "1"]

1. e4 e6 2. d4 d5 3. e5 c5 4. Be3 cxd4 5. Qxd4 Nc6 6. Qd2 Nxe5 7. f4 Nc6 8. Bd3 Nf6 9. Nf3 Be7 10. 0-0 0-0 11. Nd4 Nxd4 12. Bxd4 b6 13. Nc3 Bb7 14. Ne2 Rc8 15. f5 Qc7 16. c3 e5 17. Be3 Qc6 18. Ng3 e4 19. Be2 d4 20. Bxd4 e3 21. Bf3 exd2 22. Bxc6 Rxc6 23. Rad1 Bc5 24. Rxd2 Bxd4+ 25. Rxd4 Rc7 26. Rfd1 h6 27. h3 Re8 28. Rd8 Rce7 29. R8d4 Re1+ 30. Kh2 Rxd1 31. Rxd1 Re7 32. Kg1 Kf8 33. Rd8+ Re8 34. Rxe8+ Kxe8 35. Kf2 Ke7 36. Ke3 Kd6 37. Kd4 Bxg2 38. h4 Bf3 39. b4 Bb7 40. c4 Bc8 41. a4 Bb7 42. b5 Bf3 43. a5 bxa5 44. c5+ Kc7 45. Kc4 Nh5 46. Nxh5 Bxh5 47. Kb3 Be2 48. Ka4 Bd3 49. Kxa5 Bxf5 50. Ka6 Kb8 51. c6 Bd3 0-1

[Event "OP-2014-0-03548"]
[Site "LSS email"]
[Date "2014.11.08"]
[Round "?"]
[White "Serkov, Evgenij"]
[Black "Laureles, Raymundo"]
[Result "0-1"]
[WhiteElo "824"]
[BlackElo "986"]
[PlyCount "46"]
[EventDate "2014.11.02"]
[EventType "tourn (corr)"]
[EventRounds "4"]
[EventCountry "GER"]
[SourceTitle "Corr 2015"]
[Source "ChessBase"]
[SourceDate "2015.07.17"]
[SourceVersion "1"]
[SourceVersionDate "2015.07.17"]
[SourceQuality "1"]

1. e4 c6 2. d4 d5 3. e5 Bf5 4. Nc3 e6 5. Nf3 c5 6. Bb5+ Nc6 7. 0-0 Rc8 8. a3 cxd4 9. Nxd4 Bg6 10. f4 a6 11. f5 axb5 12. fxg6 hxg6 13. Qf3 Nxe5 14. Qf2 Nf6 15. Qe2 Nfg4 16. Qxb5+ Nd7 17. h3 Bc5 18. Qa4 Qb6 19. Rf4 e5 20. Rxg4 Bxd4+ 21. Kh1 Qe6 22. Bd2 Qxg4 23. Re1 Rxh3+ 0-1

[Event "OP-2014-0-03548"]
[Site "LSS email"]
[Date "2014.11.07"]
[Round "?"]
[White "Serkov, Evgenij"]
[Black "Ualpaev, Sergej"]
[Result "1-0"]
[WhiteElo "800"]
[BlackElo "800"]
[PlyCount "49"]
[EventDate "2014.11.02"]
[EventType "tourn (corr)"]
[EventRounds "4"]
[EventCountry "GER"]
[SourceTitle "Corr 2022"]
[Source "ChessBase"]
[SourceDate "2021.10.24"]
[SourceVersion "1"]
[SourceVersionDate "2021.10.24"]
[SourceQuality "1"]

1. e4 e6 2. d4 Nf6 3. e5 Nd5 4. c4 Bb4+ 5. Bd2 Bxd2+ 6. Qxd2 Nb6 7. Nf3 d5 8. c5 Nc4 9. Bxc4 dxc4 10. 0-0 Qd5 11. Nc3 Qd8 12. d5 0-0 13. d6 Na6 14. Ne4 b6 15. c6 Nc5 16. Nxc5 bxc5 17. d7 Ba6 18. Qa5 f6 19. Qxa6 fxe5 20. Qxc4 Qf6 21. Rfe1 Qg6 22. Rxe5 Rxf3 23. Rxe6 Qf7 24. Re8+ Rxe8 25. dxe8Q# 1-0